Poofesure Miis - Statistics

General Stats
  • This quiz has been taken 194 times
    185 since last reset
  • The average score is 13 of 20
Answer Stats
Description Answer % Correct
The main Mii on the channel. Is a hamburger. beef boss
98%
Wife of the above. Considered to be the hottest Mii by Poofesure Abby
93%
Absolute legend. Boxing Champion. Matt
87%
Poofesure's least favourite Mii; Tennis Champion Elisa
83%
Basketball Champion Tommy
77%
Yet another Mii that Poofesure despises. Table Tennis champion. Lucìa
70%
Mii considered to be the hottest on the Wii U by Poofesure wii u barb
68%
Dating Sakura; only has glasses and a mustache dudydude
67%
Religious leader that Poofesure tries to date Jesus
67%
Teammate #1 of the above; nicknamed Blocky McBlockFace by Poofesure Eva
65%
Mii named after a bug Grasshoper
64%
Poofesure's own Mii Kienan
63%
1st Child of the above. Considered to be extremely ugly by Poofesure Alfie
60%
Nicknamed "Goldfish" by Poofesure. Asami
54%
Another Mii that Poofesure despises. Has a large mole. Pierre
53%
The King of Pop, Poofesure's Girlfriend. hee hee
46%
Poofesure's former girlfriend; nicknamed Succubus Marisa
46%
Dating the above; aquatic sea animal Fishsticks
43%
Teammate #2 of the above Tyrone
43%
BONUS: Up until the video WII PARTY U IS THE MOST RIGGED GAME EVER, what did Poofesure use to play games on the Wii? Has broken 9 in the past. Toad Wii Remote with Wii Motion Plus Inside
42%
No matching quizzes found
Score Distribution
Percent of People with Each Score
Percentile by Number Answered
Your Score History
You have not taken this quiz since the last reset